| 000 | 00930nam a2200241Ii 4500 | ||
|---|---|---|---|
| 003 | JO-AjNU | ||
| 005 | 20240710113204.0 | ||
| 008 | 230605s9999||||xx |||||||||||||| ||und|| | ||
| 017 | _a2007/3/678 | ||
| 040 |
_aJO-AjNU _bara _erda _cJO-AjNU |
||
| 041 | _aara | ||
| 050 | 1 | 4 | _aLB2806.4.I32 2007 |
| 100 | 3 |
_aعبده،محمد سليمان عبدالله, _eauthor _922226 |
|
| 245 | 0 | 0 | _aالمنظور المستقبلي للإشراف التربوي في الأردن |
| 250 | _aط1 | ||
| 264 | 3 | 1 | _aعمان:دار الفاروق،2007 |
| 300 | _a260ص | ||
| 336 |
_atext _btxt _2rdacontent |
||
| 337 |
_aunmediated _bn _2rdamedia |
||
| 338 |
_avolume _bnc _2rdacarrier |
||
| 650 | 4 |
_aالإشراف التربوي-التوجيه الفني التربوي-الإدارة التعليمية. التوجيه الفني التربوي-الأردن. التربية و التعليم-الأردن. _922227 |
|
| 942 |
_2lcc _cBK |
||
| 999 |
_c11422 _d11422 |
||